000 00649nam a22002417a 4500
001 21424
003 UA-OsUOA
005 20210206214902.0
007 ta
008 20031203b un ||||| |||| 00| 0 ukr d
020 _a966-541-041-5
040 _aUA-OsUOA
_bukr
_cUA-OsUOA
_dUA-OsUOA
041 _aukr
044 _aUA
080 _a336.76(075.8)
090 _a336.76(075.8)
_bБ64
245 _aБіржова діяльність
_bнавчальний посібник
_cред. В. І. Крамаренко, В. І. Холод
260 _aКиїв
_bЦУЛ
_c2003
300 _a264 с.
650 7 _2UDC
942 _cBK
_2udc
955 _a0
999 _c307621
_d307621